Consonnes - Mort subite - Statistiques

Statistiques générales
  • Ce quiz a été pris 1 982 fois
  • Le résultat moyen est 17 sur 20
Answers on the Grid
Answers color-coded by a green-red scale on the quiz's grid according to % correct below.
K
P
I
N
J
A
M
H
F
S
E
Q
L
Y
D
O
G
B
V
Z
U
X
W
R
T
C
 
Statistiques - réponses
Réponse % Correct
D
84%
M
84%
B
83%
H
83%
K
83%
L
83%
N
83%
Q
83%
R
83%
T
83%
W
83%
X
83%
Z
83%
C
82%
G
82%
P
82%
J
81%
S
81%
V
81%
F
80%
Aucun quiz correspondant
Distribution des résultats
% des personnes avec chaque résultat
Percentile par nombre de réponses
Votre historique - résultats
Vous n’avez pas pris ce quiz